[Event "CUB-ch (Women)"]
[Site "Pinar del Rio"]
[Date "2024.02.16"]
[Round "9"]
[White "Frometa Castillo, Zirka"]
[Black "Catala Matienzo, Ivette"]
[Result "1-0"]
[WhiteElo "1923"]
[BlackElo "1955"]
[PlyCount "145"]
[EventDate "2024.02.08"]
[EventType "swiss"]
[EventRounds "10"]
[EventCountry "CUB"]
[SourceTitle "CB08_2024"]
[SourceDate "2024.02.21"]
[SourceVersion "1"]
[SourceVersionDate "2024.02.21"]
[SourceQuality "1"]

1. d4 Nf6 2. Bf4 e6 3. e3 c5 4. c3 b6 5. h3 Bb7 6. Nd2 Be7 7. Ngf3 d6 8. Bb5+ Nbd7 9. Nc4 cxd4 10. cxd4 0-0 11. Nxd6 Bxf3 12. Qxf3 Nd5 13. 0-0 Nxf4 14. Qxf4 e5 15. dxe5 Nxe5 16. Nf5 Bf6 17. Rfd1 Qc8 18. Nd6 Qe6 19. Ne4 Be7 20. Ng5 Qh6 21. Qxe5 Bxg5 22. Rd6 Bf6 23. Qf5 Qh4 24. g3 Qg5 25. Qxg5 Bxg5 26. Rad1 Bf6 27. b3 a6 28. Bd7 b5 29. f4 Rfd8 30. e4 Be7 31. R6d5 Kf8 32. e5 Ra7 33. f5 Rc7 34. e6 Rc3 35. Kg2 Rc2+ 36. R1d2 Rxd2+ 37. Rxd2 Bb4 38. Rc2 Rb8 39. Kf3 Ke7 40. Rc7 Ba5 41. Ra7 Bb6 42. Rxa6 fxe6 43. fxe6 b4 44. Ke4 Bc7 45. g4 Bg3 46. Kd5 Bf2 47. Rc6 Ra8 48. Rc7 Bg3 49. Rb7 Rb8 50. Ra7 Bf2 51. Rc7 Bg3 52. Rc1 Ra8 53. Rc2 Rf8 54. Kc5 Bd6+ 55. Kb5 g5 56. Rc8 Rxc8 57. Bxc8 Kd8 58. Kc6 Ke7 59. Kd5 Bf4 60. Ba6 Bd6 61. Bd3 h6 62. Bc4 Bf4 63. a3 bxa3 64. b4 Kd8 65. Kc6 Bd2 66. b5 Bf4 67. Ba2 Bb8 68. Kb7 Bd6 69. b6 Be5 70. Kc6 Bg3 71. Bd5 Bf4 72. Kb7 Be3 73. Ba2 1-0

[Event "CUB-ch (Women)"]
[Site "Pinar del Rio"]
[Date "2024.02.13"]
[Round "6"]
[White "Linares Napoles, Oleiny"]
[Black "Frometa Castillo, Zirka"]
[Result "1-0"]
[WhiteElo "2188"]
[BlackElo "1923"]
[PlyCount "71"]
[EventDate "2024.02.08"]
[EventType "swiss"]
[EventRounds "10"]
[EventCountry "CUB"]
[SourceTitle "CB08_2024"]
[SourceDate "2024.02.21"]
[SourceVersion "1"]
[SourceVersionDate "2024.02.21"]
[SourceQuality "1"]

1. Nf3 d5 2. d4 Nf6 3. Bf4 e6 4. e3 c5 5. Nbd2 Nc6 6. c3 Be7 7. h3 Ne4 8. Bb5 Nxd2 9. Qxd2 0-0 10. 0-0 Bd7 11. Bd3 c4 12. Bc2 f5 13. b3 cxb3 14. axb3 Rc8 15. c4 a6 16. Rfc1 g5 17. Bg3 Be8 18. Bd3 h5 19. cxd5 exd5 20. Ne5 Bb4 21. Qe2 f4 22. Nxc6 bxc6 23. exf4 gxf4 24. Qe6+ Kg7 25. Qe5+ Rf6 26. Bh4 Qd6 27. Bxf6+ Qxf6 28. Qxf6+ Kxf6 29. Rxa6 Rb8 30. Ra7 Bd2 31. Rc2 Bb4 32. Rca2 Bc3 33. Ra8 Rxb3 34. Bc2 Rb4 35. Rxe8 Bxd4 36. Ra4 1-0

[Event "CUB-ch (Women)"]
[Site "Pinar del Rio"]
[Date "2024.02.10"]
[Round "3"]
[White "Frometa Castillo, Zirka"]
[Black "Rodriguez Dominguez, Melissa"]
[Result "0-1"]
[WhiteElo "1923"]
[BlackElo "2011"]
[PlyCount "92"]
[EventDate "2024.02.08"]
[EventType "swiss"]
[EventRounds "10"]
[EventCountry "CUB"]
[SourceTitle "CB08_2024"]
[SourceDate "2024.02.21"]
[SourceVersion "1"]
[SourceVersionDate "2024.02.21"]
[SourceQuality "1"]

1. d4 d5 2. Bf4 c5 3. e3 Nc6 4. c3 Nf6 5. Bd3 Qb6 6. b3 Bg4 7. f3 Bd7 8. Ne2 Nh5 9. Bg5 e5 10. dxe5 h6 11. Bh4 c4 12. Bc2 Qxe3 13. Bf2 Qxe5 14. 0-0 Bd6 15. f4 Nxf4 16. Nxf4 Qxf4 17. g3 Qg5 18. bxc4 0-0 19. cxd5 Ne5 20. h4 Qe7 21. Nd2 Bg4 22. Qb1 Nf3+ 23. Nxf3 Bxf3 24. Re1 Qc7 25. Bh7+ Kh8 26. Qd3 Bxg3 27. Qxf3 Bxf2+ 28. Qxf2 Kxh7 29. Re3 Rae8 30. Rae1 Rxe3 31. Qxe3 f5 32. Kg2 f4 33. Qd3+ Kh8 34. Rf1 Qe7 35. d6 Qxh4 36. d7 Qg4+ 37. Kf2 Rd8 38. Rd1 Qh4+ 39. Kf3 Qg3+ 40. Ke4 Qg6+ 41. Kxf4 Rf8+ 42. Ke5 Qg5+ 43. Kd6 Rf6+ 44. Kc7 Qe5+ 45. Kc8 Rc6+ 46. Kxb7 Rb6+ 0-1

[Event "Carlos Torre Memorial op 33rd"]
[Site "Merida"]
[Date "2023.12.18"]
[Round "7"]
[White "Real Pereyra, Jeronimo"]
[Black "Frometa Castillo, Zirka"]
[Result "1-0"]
[WhiteElo "2156"]
[BlackElo "1896"]
[PlyCount "89"]
[EventDate "2023.12.15"]
[EventType "swiss"]
[EventRounds "9"]
[EventCountry "MEX"]
[SourceTitle "CB52_2023"]
[SourceDate "2023.12.27"]
[SourceVersion "1"]
[SourceVersionDate "2023.12.27"]
[SourceQuality "1"]

1. e4 c6 2. d4 g6 3. Nc3 Bg7 4. Nf3 d6 5. Be2 Nf6 6. 0-0 0-0 7. a4 Qc7 8. Re1 e5 9. h3 a6 10. Bg5 h6 11. Be3 Kh7 12. a5 Nbd7 13. dxe5 dxe5 14. Bc4 Nh5 15. b4 Nf4 16. Na4 Ne6 17. Bxe6 fxe6 18. Nd2 Nf6 19. Bc5 Rf7 20. Nb6 Rb8 21. Ndc4 Bf8 22. Bd6 Bxd6 23. Nxd6 Rf8 24. Ndxc8 Rbxc8 25. Nxc8 Rxc8 26. Ra3 Rf8 27. Rd3 Rf7 28. Qd2 b6 29. f3 bxa5 30. bxa5 Kg7 31. Rd1 Qa7+ 32. Qe3 Qe7 33. Qb6 Nh5 34. Rd7 Qxd7 35. Rxd7 Rxd7 36. Qxc6 Rd1+ 37. Kf2 Rd2+ 38. Ke1 Rxg2 39. Qxe6 Rxc2 40. Qxe5+ Kf7 41. Qd5+ Ke7 42. Qb7+ Kf6 43. Qxa6+ Kg5 44. e5 Nf6 45. Qxf6+ 1-0

[Event "Carlos Torre Memorial op 33rd"]
[Site "Merida"]
[Date "2023.12.15"]
[Round "1"]
[White "Figueredo Losada, Leonel"]
[Black "Frometa Castillo, Zirka"]
[Result "1/2-1/2"]
[WhiteElo "2379"]
[BlackElo "1896"]
[PlyCount "137"]
[EventDate "2023.12.15"]
[EventType "swiss"]
[EventRounds "9"]
[EventCountry "MEX"]
[SourceTitle "CB52_2023"]
[SourceDate "2023.12.27"]
[SourceVersion "1"]
[SourceVersionDate "2023.12.27"]
[SourceQuality "1"]

1. e4 c6 2. d3 g6 3. Nf3 Bg7 4. g3 d6 5. Bg2 Nf6 6. 0-0 0-0 7. Re1 e5 8. b3 c5 9. Bb2 Nc6 10. Nbd2 h6 11. c3 Nh7 12. a3 Ng5 13. Nxg5 hxg5 14. b4 Be6 15. Nc4 Qd7 16. Ne3 Rac8 17. Nd5 g4 18. b5 Bxd5 19. exd5 Ne7 20. a4 f5 21. Qe2 Bf6 22. Rf1 Kg7 23. f3 gxf3 24. Bxf3 Rh8 25. Rf2 Rcf8 26. Raf1 Bg5 27. Rg2 a6 28. c4 axb5 29. axb5 Rh3 30. Qe1 b6 31. Re2 Bf6 32. Bg2 Rhh8 33. Qb1 g5 34. h3 Ng6 35. Qe1 f4 36. g4 Ra8 37. Ref2 Qa7 38. Qb1 Qa4 39. Bc3 Qa3 40. Rc2 Qa7 41. Rff2 Qb7 42. Ra2 Kf7 43. Rxa8 Rxa8 44. Ra2 Ne7 45. Be4 Ke8 46. Qa1 Rxa2 47. Qxa2 Kd8 48. Bf3 Kc7 49. Bd1 Kb8 50. Bb3 Qa7 51. Qb2 Ng6 52. Qa1 Qxa1+ 53. Bxa1 Kc7 54. Kf2 Kd7 55. Bc2 Nh4 56. Bc3 Bd8 57. Be1 Ke7 58. Bd1 Kf6 59. Bf3 Ng6 60. Be4 Bc7 61. Kf3 Nh4+ 62. Ke2 Bd8 63. Bf2 Bc7 64. Bh7 Bd8 65. Be1 Bc7 66. Be4 Bd8 67. Bg2 Bc7 68. Bh1 Bd8 69. Bf2 1/2-1/2

[Event "CUB-ch (Women)"]
[Site "Holguin"]
[Date "2020.02.05"]
[Round "7"]
[White "Linares Napoles, Oleiny"]
[Black "Frometa Castillo, Zirka"]
[Result "1-0"]
[WhiteElo "2226"]
[BlackElo "2048"]
[PlyCount "87"]
[EventDate "2020.01.29"]
[EventType "tourn"]
[EventRounds "11"]
[EventCountry "CUB"]
[SourceTitle "CBM 195 Extra"]
[Source "ChessBase"]
[SourceDate "2020.05.31"]
[SourceVersion "1"]
[SourceVersionDate "2020.05.31"]
[SourceQuality "1"]

1. Nf3 d5 2. c4 e6 3. g3 f5 4. Bg2 Nf6 5. 0-0 Bd6 6. Nc3 c6 7. d3 0-0 8. e4 d4 9. e5 dxc3 10. bxc3 Be7 11. exf6 Bxf6 12. d4 Nd7 13. Qe2 Re8 14. Bf4 Qa5 15. Rac1 Nb6 16. Rfe1 Qa4 17. Bf1 Bd7 18. Ne5 Re7 19. c5 Bxe5 20. Bxe5 Nd5 21. Bd6 Rf7 22. c4 Nf6 23. Rb1 Qa6 24. Qb2 Bc8 25. f3 h6 26. Qb4 b6 27. cxb6 axb6 28. Qxb6 Qxa2 29. Ra1 Qxa1 30. Rxa1 Rxa1 31. Qd8+ Kh7 32. Qxc8 Rd7 33. Qxc6 Rd1 34. Bc5 Kg6 35. Qxe6 Rd8 36. Qe2 Rb1 37. Qd3 Rdb8 38. g4 R8b3 39. Qxf5+ Kf7 40. d5 Rd1 41. Kf2 Rb2+ 42. Be2 Rdd2 43. Qe6+ Kg6 44. h4 1-0

[Event "CUB-ch (Women)"]
[Site "Holguin"]
[Date "2020.01.31"]
[Round "3"]
[White "Frometa Castillo, Zirka"]
[Black "Miranda Llanes, Yerisbel"]
[Result "1/2-1/2"]
[WhiteElo "2048"]
[BlackElo "2279"]
[PlyCount "101"]
[EventDate "2020.01.29"]
[EventType "tourn"]
[EventRounds "11"]
[EventCountry "CUB"]
[SourceTitle "CBM 195 Extra"]
[Source "ChessBase"]
[SourceDate "2020.05.31"]
[SourceVersion "1"]
[SourceVersionDate "2020.05.31"]
[SourceQuality "1"]

1. d4 Nf6 2. Bf4 b6 3. e3 Bb7 4. Nf3 g6 5. c4 Bg7 6. h3 0-0 7. Nc3 d6 8. Be2 Nbd7 9. 0-0 Re8 10. Bh2 a5 11. Qc2 e5 12. dxe5 Nxe5 13. Nxe5 dxe5 14. Rad1 Qe7 15. Rd2 Red8 16. Rfd1 Rxd2 17. Rxd2 Ne8 18. Nd5 Qc5 19. a3 a4 20. Bg3 Nd6 21. e4 f5 22. exf5 Nxf5 23. Kh2 Nxg3 24. fxg3 Rd8 25. Bf3 Ba6 26. Qxa4 Bxc4 27. Ne7+ Qxe7 28. Qxc4+ Kf8 29. Rc2 c5 30. Rf2 Bf6 31. Bc6 Kg7 32. Qc2 Rd4 33. Be4 Qd6 34. Qe2 Qe7 35. Qf3 Qe6 36. g4 Rd8 37. g3 Be7 38. Qc3 Rf8 39. Rxf8 Bxf8 40. g5 c4 41. Qf3 b5 42. g4 Qd6 43. h4 Be7 44. Kh3 Qd4 45. Bd5 Qf4 46. Qxf4 exf4 47. Bc6 b4 48. axb4 Bxb4 49. Bd5 c3 50. bxc3 Bxc3 51. h5 1/2-1/2

[Event "Guillermo Garcia Memorial op 28th"]
[Site "Santa Clara"]
[Date "2019.04.26"]
[Round "4"]
[White "Frometa Castillo, Zirka"]
[Black "Lavigne Lopez, Raul Leonardo"]
[Result "0-1"]
[WhiteElo "2070"]
[BlackElo "2123"]
[PlyCount "94"]
[EventDate "2019.04.23"]
[EventType "swiss"]
[EventRounds "9"]
[EventCountry "CUB"]
[SourceTitle "EXT 2020"]
[Source "ChessBase"]
[SourceDate "2019.10.17"]
[SourceVersion "1"]
[SourceVersionDate "2019.10.17"]
[SourceQuality "1"]

1. d4 Nf6 2. e3 g6 3. c4 Bg7 4. Nc3 0-0 5. Nf3 d6 6. Be2 Nbd7 7. 0-0 e5 8. Qc2 c6 9. b3 exd4 10. exd4 d5 11. Ba3 Re8 12. cxd5 Nxd5 13. Nxd5 cxd5 14. Rae1 Nf6 15. Bd3 Rxe1 16. Rxe1 Bg4 17. Be7 Qa5 18. b4 Qb6 19. Qc5 Rc8 20. Qxb6 axb6 21. Ne5 Be6 22. b5 Rc3 23. Bb4 Rc8 24. g3 Bf8 25. Bxf8 Kxf8 26. Kg2 Ke7 27. h3 Kd6 28. Re2 Ra8 29. g4 Ra4 30. Nf3 h6 31. Rb2 Ne4 32. Bc2 Rc4 33. Bd3 Rc3 34. Be2 g5 35. Ne5 f6 36. Nd3 f5 37. f3 Nf6 38. Ne5 Nd7 39. Nd3 Rc4 40. Rb4 Nf8 41. Rxc4 dxc4 42. Ne5 c3 43. Bd3 fxg4 44. hxg4 Kd5 45. f4 Kxd4 46. Bb1 gxf4 47. Nd3 Bxa2 0-1

[Event "Guillermo Garcia Memorial op 27th"]
[Site "Santa Clara"]
[Date "2018.05.30"]
[Round "8"]
[White "Frometa Castillo, Zirka"]
[Black "Gutierrez Carmona, Juan Alejandro"]
[Result "1-0"]
[WhiteElo "2087"]
[BlackElo "2122"]
[PlyCount "61"]
[EventDate "2018.05.22"]
[EventType "swiss"]
[EventRounds "9"]
[EventCountry "CUB"]
[SourceTitle "CBM 184 Extra"]
[Source "ChessBase"]
[SourceDate "2018.06.28"]
[SourceVersion "1"]
[SourceVersionDate "2018.06.28"]
[SourceQuality "1"]

1. d4 d5 2. Bf4 Nf6 3. e3 e6 4. Bd3 c5 5. c3 Nc6 6. Nd2 Bd6 7. Bxd6 Qxd6 8. f4 Bd7 9. a3 Ne7 10. Qe2 Bc6 11. Ngf3 Ne4 12. Bxe4 dxe4 13. Ng5 f5 14. dxc5 Qd7 15. Nc4 Bb5 16. Nd6+ Qxd6 17. Qxb5+ Qc6 18. Qxc6+ bxc6 19. Nxe6 Kf7 20. Nd4 Rhb8 21. b4 a5 22. Kd2 Ra6 23. Rhb1 Rba8 24. b5 cxb5 25. Rxb5 g6 26. c4 Rc8 27. Kc3 h5 28. Rab1 Ra7 29. c6 Nxc6 30. Rb7+ Rc7 31. Nxc6 1-0

[Event "Guillermo Garcia Memorial op 27th"]
[Site "Santa Clara"]
[Date "2018.05.26"]
[Round "5"]
[White "Frometa Castillo, Zirka"]
[Black "Garcia Garcia, Alejandro"]
[Result "1-0"]
[WhiteElo "2087"]
[BlackElo "2328"]
[PlyCount "131"]
[EventDate "2018.05.22"]
[EventType "swiss"]
[EventRounds "9"]
[EventCountry "CUB"]
[SourceTitle "CBM 184 Extra"]
[Source "ChessBase"]
[SourceDate "2018.06.28"]
[SourceVersion "1"]
[SourceVersionDate "2018.06.28"]
[SourceQuality "1"]

1. d4 Nf6 2. Bf4 g6 3. e3 Bg7 4. Nd2 0-0 5. h3 c5 6. Ngf3 b6 7. Be2 Bb7 8. 0-0 Nc6 9. c3 d5 10. Ne5 Nd7 11. Nxd7 Qxd7 12. dxc5 bxc5 13. Nb3 e5 14. Bg3 Qd6 15. e4 d4 16. Rc1 Bh6 17. Rc2 Rad8 18. cxd4 cxd4 19. Nc5 Bc8 20. a3 a5 21. Bb5 Ne7 22. Nd3 f6 23. Rc5 Bb7 24. Qb3+ Kh8 25. Rxe5 Bc8 26. Rc5 Qe6 27. Qxe6 Bxe6 28. Bc7 Ra8 29. Bd6 Rf7 30. Bxe7 Rxe7 31. f4 Bb3 32. Re1 g5 33. f5 g4 34. hxg4 Be3+ 35. Kf1 Rg8 36. e5 Rxg4 37. exf6 Rf7 38. Rc8+ Rg8 39. Rxg8+ Kxg8 40. Nc5 Bd5 41. Nd7 Rxd7 42. Bxd7 Bc4+ 43. Re2 Bxe2+ 44. Kxe2 Kf7 45. b4 axb4 46. axb4 Kxf6 47. Kd3 h5 48. b5 Bf2 49. b6 Bg3 50. b7 Be5 51. Ke4 h4 52. Be6 Bg3 53. Kxd4 Bb8 54. Ke4 Bg3 55. Bd7 Bb8 56. Be8 Kg5 57. Bd7 Kf6 58. Bb5 Bg3 59. Bd3 Bb8 60. Kd5 Be5 61. Kc6 Ke7 62. Be4 Bb8 63. Bf3 Ke8 64. Bg4 Bg3 65. f6 h3 66. Bxh3 1-0

[Event "Capablanca Memorial op 53rd"]
[Site "Havana"]
[Date "2018.05.09"]
[Round "1"]
[White "Avila Pavas, Santiago"]
[Black "Frometa Castillo, Zirka"]
[Result "1-0"]
[WhiteElo "2227"]
[BlackElo "2087"]
[PlyCount "71"]
[EventDate "2018.05.09"]
[EventType "swiss"]
[EventRounds "10"]
[EventCountry "CUB"]
[SourceTitle "EXT 2019"]
[Source "ChessBase"]
[SourceDate "2018.10.10"]
[SourceVersion "1"]
[SourceVersionDate "2018.10.10"]
[SourceQuality "1"]

1. Nf3 d5 2. b3 c5 3. Bb2 Nc6 4. e3 e6 5. Bb5 Nf6 6. Ne5 Qc7 7. 0-0 Bd6 8. f4 Bd7 9. Nxd7 Qxd7 10. c4 a6 11. Bxc6 Qxc6 12. Bxf6 gxf6 13. Qf3 0-0-0 14. Nc3 d4 15. Qxc6+ bxc6 16. Na4 f5 17. exd4 cxd4 18. c5 Be7 19. d3 Kc7 20. Rac1 Rhg8 21. Rc4 h5 22. Rb4 Rg4 23. Rb6 Ra8 24. b4 Bf8 25. Nb2 Bh6 26. Nc4 Bxf4 27. h3 Rh4 28. Rxf4 Rxf4 29. Ne5 Rg8 30. Rxc6+ Kd8 31. Rxa6 Rg3 32. Ra8+ Ke7 33. c6 Re3 34. c7 Re1+ 35. Kh2 Rff1 36. c8Q 1-0

[Event "CUB-ch (Women)"]
[Site "Holguin"]
[Date "2018.02.07"]
[Round "9"]
[White "Frometa Castillo, Zirka"]
[Black "Obregon Garcia, Roxangel"]
[Result "0-1"]
[WhiteElo "2083"]
[BlackElo "2073"]
[PlyCount "100"]
[EventDate "2018.01.29"]
[EventType "tourn"]
[EventRounds "11"]
[EventCountry "CUB"]
[SourceTitle "CBM 182 Extra"]
[Source "ChessBase"]
[SourceDate "2018.02.23"]
[SourceVersion "1"]
[SourceVersionDate "2018.02.23"]
[SourceQuality "1"]

1. d4 Nf6 2. Nf3 d5 3. e3 c5 4. Bd3 c4 5. Be2 Bf5 6. 0-0 e6 7. b3 cxb3 8. axb3 Bd6 9. c4 0-0 10. Nc3 Nc6 11. Ba3 a6 12. Bxd6 Qxd6 13. c5 Qd8 14. Ra4 Ne4 15. Nxe4 Bxe4 16. Ne1 Qg5 17. Qd2 Rfd8 18. f3 Bg6 19. f4 Qe7 20. Nd3 f6 21. b4 e5 22. dxe5 fxe5 23. f5 Bf7 24. Nf2 Qg5 25. Nh3 Qh6 26. Qd3 e4 27. Qa3 d4 28. Nf4 d3 29. Bd1 Ne5 30. b5 Nc4 31. Qc1 axb5 32. Rxa8 Rxa8 33. g3 Ra2 34. h3 Qf6 35. Bb3 Ra6 36. Bxc4 Bxc4 37. Nh5 Qg5 38. g4 Ra2 39. Qe1 Re2 40. Qg3 Qxe3+ 41. Qxe3 Rxe3 42. Rd1 b4 43. Kg2 Re2+ 44. Kg3 Bb3 45. Ra1 Ba2 46. Nf4 Rc2 47. g5 d2 48. Ne2 b3 49. g6 Rc1 50. Nxc1 d1Q 0-1

[Event "CUB-ch (Women)"]
[Site "Holguin"]
[Date "2018.02.02"]
[Round "5"]
[White "Frometa Castillo, Zirka"]
[Black "Forgas Moreno, Yaniela"]
[Result "0-1"]
[WhiteElo "2083"]
[BlackElo "2265"]
[PlyCount "104"]
[EventDate "2018.01.29"]
[EventType "tourn"]
[EventRounds "11"]
[EventCountry "CUB"]
[SourceTitle "CBM 182 Extra"]
[Source "ChessBase"]
[SourceDate "2018.02.23"]
[SourceVersion "1"]
[SourceVersionDate "2018.02.23"]
[SourceQuality "1"]

1. d4 f5 2. Bf4 Nf6 3. e3 e6 4. Nd2 Be7 5. h3 b6 6. Ngf3 Bb7 7. c3 0-0 8. Qc2 Ne4 9. Nxe4 Bxe4 10. Bd3 d5 11. Bxe4 fxe4 12. Ne5 Bd6 13. 0-0-0 Nd7 14. Nxd7 Qxd7 15. g3 b5 16. Kb1 a5 17. Rhf1 Rab8 18. h4 b4 19. cxb4 Rxb4 20. Ka1 Rfb8 21. Rb1 Rc4 22. Qd1 Bf8 23. f3 Qc6 24. fxe4 Rc2 25. exd5 exd5 26. Qd3 a4 27. Be5 h6 28. g4 Bb4 29. Rf6 gxf6 30. Qg6+ Kf8 31. Qxh6+ Ke8 32. Qg6+ Kd7 33. Qf5+ Ke8 34. Qg6+ Kd7 35. Qf5+ Qe6 36. Qxc2 fxe5 37. Qxa4+ Qc6 38. Qb3 Rb6 39. dxe5 Bd6 40. e6+ Kxe6 41. Qd3 Be5 42. Qf5+ Kd6 43. Qf8+ Kd7 44. Qf5+ Qe6 45. Qh7+ Kc8 46. g5 Kb7 47. Qd3 Qc6 48. Qd2 Qc4 49. e4 dxe4 50. Rc1 Qd3 51. Rc2 Bxb2+ 52. Rxb2 Qf1+ 0-1

[Event "CUB-ch sf (Women)"]
[Site "Holguin"]
[Date "2018.01.20"]
[Round "8"]
[White "Frometa Castillo, Zirka"]
[Black "Bosch Valls, Leannet Mariah"]
[Result "0-1"]
[WhiteElo "2083"]
[BlackElo "2049"]
[PlyCount "94"]
[EventDate "2018.01.13"]
[EventType "tourn"]
[EventRounds "9"]
[EventCountry "CUB"]
[SourceTitle "EXT 2021"]
[Source "ChessBase"]
[SourceDate "2020.10.23"]
[SourceVersion "1"]
[SourceVersionDate "2020.10.23"]
[SourceQuality "1"]

1. d4 Nf6 2. Bf4 c5 3. e3 Qb6 4. b3 cxd4 5. exd4 Nc6 6. c3 e6 7. Nf3 Be7 8. Bd3 0-0 9. 0-0 d6 10. Qc2 Bd7 11. Nbd2 Rac8 12. Nc4 Qc7 13. a4 a6 14. a5 Nd5 15. Bd2 f5 16. Rfe1 h6 17. Qa2 Bf6 18. g3 e5 19. Ne3 Nxe3 20. Bxe3 e4 21. Bc4+ Kh8 22. Nd2 Ne7 23. Rac1 d5 24. Be2 g5 25. f4 Rg8 26. Kh1 Ng6 27. fxg5 hxg5 28. Nf1 f4 29. Bg1 Bh3 30. Bf2 Qh7 31. b4 Rcd8 32. c4 e3 33. Nxe3 fxe3 34. Bxe3 Nh4 35. Kg1 Ng2 36. Rf1 Qe7 37. Bf2 Ne3 38. Bxe3 Qxe3+ 39. Kh1 Bxf1 40. Rxf1 Qxd4 41. cxd5 Bg7 42. Bf3 Rgf8 43. h3 Qd3 44. Kg2 Rc8 45. Rf2 Rxf3 46. Rxf3 Rc2+ 47. Kg1 Qd4+ 0-1

[Event "CUB-ch sf (Women)"]
[Site "Holguin"]
[Date "2018.01.16"]
[Round "4"]
[White "Cabrera Ladron de Guevara, Mayra"]
[Black "Frometa Castillo, Zirka"]
[Result "0-1"]
[WhiteElo "2061"]
[BlackElo "2083"]
[PlyCount "92"]
[EventDate "2018.01.13"]
[EventType "tourn"]
[EventRounds "9"]
[EventCountry "CUB"]
[SourceTitle "EXT 2021"]
[Source "ChessBase"]
[SourceDate "2020.10.23"]
[SourceVersion "1"]
[SourceVersionDate "2020.10.23"]
[SourceQuality "1"]

1. e4 g6 2. d4 Bg7 3. Nc3 d6 4. h3 Nc6 5. Nf3 e5 6. Bg5 f6 7. Be3 exd4 8. Nxd4 Nxd4 9. Bxd4 Be6 10. Be2 Ne7 11. f4 0-0 12. 0-0 c5 13. Be3 f5 14. e5 dxe5 15. Bxc5 Re8 16. Bb5 Qxd1 17. Raxd1 Nc6 18. fxe5 Bxe5 19. Rfe1 Bxc3 20. bxc3 Bxa2 21. Rxe8+ Rxe8 22. Rd7 a6 23. Ba4 Re1+ 24. Kf2 Rb1 25. Rc7 Bd5 26. Rc8+ Kg7 27. Rc7+ Kg8 28. Rc8+ Kf7 29. Rc7+ Ke6 30. c4 Bxc4 31. Bxc6 bxc6 32. Rxc6+ Kd5 33. Rc7 Rb2 34. Kg3 Rxc2 35. Bf8 g5 36. h4 f4+ 37. Kh2 g4 38. Rf7 f3 39. Kh1 f2 40. Bc5 f1Q+ 41. Rxf1 Bxf1 42. h5 Bxg2+ 43. Kg1 Kxc5 44. h6 Bh3 45. Kh1 g3 46. Kg1 Rc1# 0-1

[Event "Pan American-ch (Women)"]
[Site "Manzanillo"]
[Date "2016.11.10"]
[Round "6"]
[White "Heredia Serrano, Carla Sofia"]
[Black "Frometa Castillo, Zirka"]
[Result "1/2-1/2"]
[WhiteElo "2103"]
[BlackElo "2123"]
[PlyCount "91"]
[EventDate "2016.11.06"]
[EventType "swiss"]
[EventRounds "9"]
[EventCountry "MEX"]
[SourceTitle "EXT 2024"]
[Source "ChessBase"]
[SourceDate "2023.10.10"]
[SourceVersion "1"]
[SourceVersionDate "2023.10.10"]
[SourceQuality "1"]

1. e4 g6 2. d4 Bg7 3. Nc3 d6 4. Nf3 Nc6 5. h3 h6 6. Be3 e5 7. dxe5 Nxe5 8. Nxe5 Bxe5 9. Bc4 Be6 10. Bxe6 fxe6 11. 0-0 Ne7 12. f4 Bxc3 13. bxc3 Qd7 14. Rb1 Qc6 15. Qd4 Rh7 16. c4 b6 17. Rfd1 0-0-0 18. a4 a5 19. Rb5 Rg8 20. Rdb1 g5 21. fxg5 e5 22. Qd3 hxg5 23. Rxb6 cxb6 24. Rxb6 Qc7 25. c5 dxc5 26. Qa6+ Kd8 27. Rb7 Qc6 28. Qa8+ Nc8 29. Qxa5+ Rc7 30. Rb5 Qxe4 31. Bxc5 Rg6 32. Bf2 Qxc2 33. Rxe5 Rd6 34. Bg3 Qc3 35. Qb5 Rcc6 36. Rxg5 Rd1+ 37. Kh2 Qc4 38. Qa5+ Nb6 39. Qe5 Re6 40. Qh8+ Kd7 41. Qh7+ Re7 42. Qf5+ Qe6 43. Qb5+ Qc6 44. Qf5+ Qe6 45. Qb5+ Qc6 46. Qf5+ 1/2-1/2

[Event "CUB-ch (Women)"]
[Site "Cienfuegos"]
[Date "2016.02.02"]
[Round "5"]
[White "Frometa Castillo, Zirka"]
[Black "Arribas Robaina, Maritza"]
[Result "0-1"]
[WhiteElo "2112"]
[BlackElo "2333"]
[PlyCount "58"]
[EventDate "2016.01.29"]
[EventType "tourn"]
[EventRounds "15"]
[EventCountry "CUB"]
[SourceTitle "EXT 2017"]
[Source "ChessBase"]
[SourceDate "2016.10.25"]
[SourceVersion "1"]
[SourceVersionDate "2016.10.25"]
[SourceQuality "1"]

1. d4 Nf6 2. Bf4 c5 3. e3 Qb6 4. b3 cxd4 5. exd4 Nc6 6. c3 d6 7. Be2 e5 8. dxe5 dxe5 9. Be3 Bc5 10. Bxc5 Qxc5 11. b4 Qb6 12. Nd2 Be6 13. b5 Ne7 14. Ngf3 0-0 15. 0-0 Ned5 16. Qc2 Rac8 17. Bc4 e4 18. Bxd5 Bxd5 19. Ng5 e3 20. Ndf3 h6 21. Nh3 Ng4 22. Qb2 Rfe8 23. Nd4 exf2+ 24. Nxf2 Ne3 25. Rfe1 Nxg2 26. Rxe8+ Rxe8 27. Nf5 Nf4 28. Ng3 Qe3 29. c4 Qf3 0-1